| 000 | 00756nam a2200229Ia 4500 | ||
|---|---|---|---|
| 001 | 17291 | ||
| 003 | AR-BaAGN | ||
| 005 | 20231118062532.0 | ||
| 007 | ta | ||
| 008 | 211213s1931 ag |||||||||||||| ||spa d | ||
| 040 |
_dAR-BaAGN _aAR-BaAGN _bspa _eaacr |
||
| 100 | 1 |
_aPerón, Juan Domingo, _d1895-1974 _94501 |
|
| 245 | 1 | 0 |
_aGuerra mundial 1914 : _boperaciones en la Prusia oriental y la Galitzia, Tannenberg, Lagos Masurianos, Lemberg. Estudios estratégicos |
| 260 |
_aBuenos Aires : _bCírculo Militar, _c1931. |
||
| 300 |
_a2 volúmenes : _bmapas |
||
| 336 |
_2rdacontent _btxt |
||
| 337 |
_2rdamedia _bn |
||
| 338 |
_2rdacarrier _bnc |
||
| 500 | _aTítulo de la tapa: El frente oriental de la guerra mundial 1914 | ||
| 942 | _cLIBRO | ||
| 999 |
_c17291 _d17291 |
||